000 00373 a2200121 4500
001 ART_2526
005 20260410161727.0
008 260409a
245 1 0 _aResolución de la incertidumbre en el tiempo
100 1 _aHausman, Warren H.
700 1 _aBierman, Harold (h)
773 0 _tAdministración de empresas
_g- Año 4, Nº 43 (oct. 1973)
_wREV2036
999 _c17480
_d17480